Costosos trabajos de la autopista a Tarragona. Cuatro nuevos puentes se están construyendo a buen ritmo / por I. Clopas Batlle
Publicado:
San Jorge, núm. 79 - 80 (3r i 4rt trimestre 1970), pàg 103 - 104 :
MARC
| LEADER | 00000nam a2200000Ia 4500 | ||
|---|---|---|---|
| 001 | |||
| 008 | 160829s9999 xx 000 0 cat d | ||
| 100 | 1 | |a Clopas i Batlle, Isidre, |d 1913-2001 |9 24339 | |
| 245 | |a Costosos trabajos de la autopista a Tarragona. Cuatro nuevos puentes se están construyendo a buen ritmo / por I. Clopas Batlle | ||
| 260 | |a San Jorge, núm. 79 - 80 (3r i 4rt trimestre 1970), pàg 103 - 104 | ||
| 650 | |a Autopistes |x Projectes i construcció |x Martorell |9 40678 | ||
| 650 | 0 | |a Ponts |x Disseny i construcció |9 38864 | |
| 901 | |a Arxiu | ||
| 942 | |n 1 | ||
| 952 | |0 0 |1 0 |4 0 |7 1 |9 49850 |a Arxiu |b Arxiu |d 2016-12-01 |l 0 |r 2016-12-01 00:00:00 |w 2016-12-01 |y ARXIU | ||
| 999 | |c 53692 |d 53692 | ||